Sports Quiz

Random Sports or Actress Quiz

Movie Coaches Quiz Stats

 Plays Quiz Updated Nov 23, 2018

     
Support Sporcle.
Go Orange.
Score 0/36 Timer 08:00
0 Plays Today
Movie Actor/Actress % Correct
Remember the TitansDenzel Washington
94.2%
A League of Their OwnTom Hanks
80.9%
HoosiersGene Hackman
73.4%
Mighty DucksEmilio Estevez
71.8%
Coach CarterSamuel L. Jackson
71.8%
Any Given SundayAl Pacino
66.8%
Kicking and ScreamingWill Ferrell
64.8%
Cool RunningsJohn Candy
62.2%
Friday Night LightsBilly Bob Thornton
54.4%
The Longest Yard (2005)Burt Reynolds
52.4%
MiracleKurt Russell
52.3%
Angels in the OutfieldDanny Glover
49%
The WaterboyHenry Winkler
46.5%
KingpinWoody Harrelson
46.4%
EddieWhoopi Goldberg
46%
DodgeballRip Torn
39.5%
Varsity BluesJon Voight
38.5%
Hard BallKeanu Reeves
38.2%
Movie Actor/Actress % Correct
Slap ShotPaul Newman
37.6%
Bad News Bears*Walter Matthau
37.4%
Little GiantsRick Moranis
37.1%
Blue ChipsNick Nolte
37%
WildcatsGoldie Hawn
33.3%
LadybugsRodney Dangerfield
33.3%
RadioEd Harris
29.4%
The Air Up thereKevin Bacon
29.3%
We Are MarshallMatthew McConaughey
29%
Happy GilmoreCarl Weathers
27.2%
The ProgramJames Caan
21.6%
InvincibleGreg Kinnear
21.2%
ReboundMartin Lawrence
20.5%
Blades of GloryCraig T. Nelson
17.3%
Glory RoadJosh Lucas
16.7%
The NaturalWilford Brimley
13.8%
Fast BreakGabe Kaplan
5.1%
Major LeagueJames Gammon
4.2%

From the Vault

16 Little Food Pictograms

by bhenderson79

These pictures look good enough to eat.
Remove Ads.
Support Sporcle.
Get the best of Sporcle when you Go Orange. This ad-free experience offers more features, more stats, and more fun while also helping to support Sporcle. Thank you for becoming a member.

Show Comments

Extras

Top Quizzes Today


Score Distribution

Your Account Isn't Verified!

In order to create a playlist on Sporcle, you need to verify the email address you used during registration. Go to your Sporcle Settings to finish the process.

Report this User

Report this user for behavior that violates our Community Guidelines.

Details: